| 000 | 00898nam a22002297a 4500 | ||
|---|---|---|---|
| 005 | 20170124103125.0 | ||
| 010 | _aB-103234 | ||
| 020 | _c225.00 | ||
| 035 | _aB-103234 | ||
| 037 | _bCen Lib/Ret | ||
| 040 |
_aDPL _bHN |
||
| 082 |
_a423.1 _bबाहरी |
||
| 100 |
_aबाहरी, हरदेव _982923 |
||
| 245 |
_aमानक हिन्दी पर्याय कोश / _cहरदेव बाहरी |
||
| 246 |
_aManak hindi paryay kosh / _bby Hardev Bahri |
||
| 260 |
_aनई दिल्ली _bविद्या प्रकाशन मंदिर _c2002 |
||
| 270 |
_a1681, दरियागंज _bनई दिल्ली _e110002 |
||
| 300 |
_a247पृ. _c20सेमी(सजिल्द) |
||
| 650 |
_aहिन्दी कोश _91301 |
||
| 650 |
_aHindi dictionary _982924 |
||
| 942 |
_2ddc _cHN _h423.1 _mबाहरी |
||
| 999 |
_c119010 _d119010 |
||